Clic De quel pays vient cette spécialité culinaire ? (2) - Statistiques

Statistiques générales
  • Ce quiz a été pris 33 fois
  • Le résultat moyen est 6 sur 32
Statistiques - réponses
Hint Explanation Réponse % Correct
Handkäse mit Musik fromage de lait caillé servi dans une sauce au vinaigre et aux oignons Allemagne
55%
Bacalhau à Brás Plat de morue Portugal
55%
Minestrone soupe de légumes Italie
45%
Sacher-Torte gâteau au chocolat Autriche
41%
Tarte au riz tarte dont le contenu ressemble à un riz au lait plus dense Belgique
38%
Haggis panse de brebis farcie d'un hachis à base de viande, traditionnellement des abats de mouton, et d'avoine Royaume-Uni
38%
Tave kosi Elbasani Agneau et yaourt au four Albanie
24%
halloumi fromage Chypre
24%
Cocido Pot au feu Espagne
24%
Dolmadákia feuilles de vigne farcies de riz et d'oignons émincés avec quelques feuilles de menthe Grèce
24%
Téliszalámi Salami hongrois Hongrie
24%
Stroopwafel Gaufre Pays-Bas
24%
smørrebrød Sandwich au pain de seigle Danemark
21%
Pastizzi Encas au fromage Malte
17%
Fenalår gigot d'agneau salé, parfumé au miel et séché Norvège
14%
Golabki Chou farci Pologne
14%
Mititei roulés de viande aux herbes et au barbecue Roumanie
14%
Plov ragoût de mouton au riz Russie
14%
Vinná klobása Saucisse de vin Tchéquie
10%
Varenyky Raviolis bouillis Ukraine
10%
Viili Lait fermenté Finlande
7%
Plokkfiskur ragoût traditionnel islandais qui servait autrefois à accommoder les restes de poissons Islande
7%
Jagnjeća supa bouillon d'agneau Monténégro
7%
Kapustnica soupe à base de choucroute et de saucisse Slovaquie
7%
Shkembe chorba Soupe aux tripes Bulgarie
3%
Crubeens pieds de porc Irlande
3%
Prilepska Pivarnica Bière Macédoine
3%
bebrienos troškinys Ragoût de castor Lituanie
0%
Ënnenzopp soupe aux oignons Luxembourg
0%
Gibanica Tourte au fromage Serbie
0%
Hasselbackspotatis Pommes de terre avec du beurre, de la chapelure et des amandes Suède
0%
Totché pâte levée au lait recouverte d'un mélange à base de crème aigre salée Suisse
0%
Aucun quiz correspondant
Distribution des résultats
% des personnes avec chaque résultat
Percentile par nombre de réponses
Votre historique - résultats
Vous n’avez pas pris ce quiz